00650nam a22002177a 4500003000400000005001700004008004100021010001300062020002600075035002400101037001600125040001500141082001300156100001800169245007000187260004500257270004800302300002100350650003000371650003100401dpl20180524125508.0180524b xxu||||| |||| 00| 0 eng d aB-217290 c550.00a9788185002521 aB-217290, B-217291 bCen Lib/Ret aDPLbENc0 a921bSID aSiddiqi, Asif aMani and I :cby Asif Siddiqibmemoirs of a Banarasi Karachiite / aNew Delhi bBibliophile South Asiac2006 aC-127, Sarvodaya EnclavebNew Delhie110017 a259p. c22cm(Hb) aPartition of India (1947) aEmigration and immigration